000 00319nam a22001457a 4500
008 230926b ||||| |||| 00| 0 eng d
020 _a9780691125909
041 _aeng
080 _a101
082 _a101DUG
100 _a44
101 _aFILOZ
245 _aTHE ALTRUISM EQUATION
_cDUGATKIN A.L
942 _2udc
_cBK
999 _c60396
_d60396